Les meilleurs tireurs de penalty en 2022 - Statistiques

Statistiques générales
  • Ce quiz a été pris 321 fois
  • Le résultat moyen est 4 sur 10
Statistiques - réponses
Hint Réponse % Correct
~ Neymar Jr
90%
~ Ronaldo
89%
~ Lewandowski
51%
~ Jorginho
39%
~ Kane
36%
~ Salah
36%
~ Immobile
11%
~ Ben Yedder
7%
~ Nkunku
5%
~ Zaha
2%
Aucun quiz correspondant
Distribution des résultats
% des personnes avec chaque résultat
Percentile par nombre de réponses
Votre historique - résultats
Vous n’avez pas pris ce quiz